Sneh: Košice vyhlásili 2. stupeň kalamity primátor nevylúčil predĺženie prázdnin

Bibliographic Details
Main Author: Ogurčáková, Jana (Author)
Format: Article
Language:Slovak
PhysicalDescription:Fotogr.
ISSN:1335-4566
Subjects:

MARC

LEADER 00000nab a2200000 a 4500
001 vtls010060036
003 SK-MaSNL
005 20260303050653.0
008 100202c20100201xo drz 0 0slo
038 |a KEVKJB 
040 |a KEVKJB  |b slo  |c KEVKJB  |e AACR2 
041 0 |a slo 
044 |a xo  |c SK 
080 |a 551.578.4  |2 2001 
080 |a 551.515.9  |2 2001 
100 1 |a Ogurčáková, Jana  |4 aut  |9 835010 
245 1 0 |a Sneh: Košice vyhlásili 2. stupeň kalamity  |b primátor nevylúčil predĺženie prázdnin  |c Jana Ogurčáková 
300 |b Fotogr. 
650 0 7 |a snehové kalamity  |2 kevkjb  |9 71074 
650 0 7 |a počasie  |2 kevkjb  |9 942 
651 7 |a Košice (Slovensko)  |2 kevkjb  |9 18694 
773 0 |t Košický Korzár  |g Roč. XIII, č. 25 (1.2.2010), s. 2  |x 1335-4566 
852 |a KEVKJB  |b KIS3GCP 
999 |c 1708398  |d 1710328